000 01203nam a2200349 i 4500
001 bg
100 1 _aHerling-Grudziński, Gustaw
_d(1919-2000).
245 1 0 _aPod światło /
_cGustaw Herling-Grudziński, Titti Marrone ; posł. Sergio Romano ; przeł. Stanisław Kasprzysiak.
246 _iTyt. oryg.:
_aControluce
260 _aKraków :
_bWydaw. Baran i Suszczyński,
_c1998.
300 _a118 s. ;
_c19 cm.
500 _aTyt. oryg.: "Controluce" 1995.
600 1 9 _aHerling-Grudziński, Gustaw (1919- )
650 9 _aLiteratura
_xhistoria
_y20 w.
650 9 _aLiteratura polska
_xhistoria
_y20 w.
650 9 _aPublicystyka włoska
_yod 1989 r.
651 9 _aEuropa
_xpolityka
_y20 w.
651 9 _aPolska
_xemigracja
_zWłochy
_yod 1944 r.
655 _aSzkice literackie
655 _apublicystyka
700 1 _aMARRONE, Titti
700 1 _aROMANO, Sergio
700 1 _aKASPRZYSIAK, Stanisław
_d(1937- ).
_eTł.
020 _a8385109757
040 _cBPK
041 1 _apl
_hit
080 _a821.162.1(091)"19"A/Z:314.743(450=162.1)"1945/...":327(4)"19"
920 _a83-85109-75-7
942 _cKS
008 s pl f |000 0 pol
999 _c41671
_d41671
856 _uhttp://koha.tu.koszalin.pl/cgi-bin/koha/opac-detail.pl?biblionumber=41671
_yKatalog online BPK